| 000 | 00620cam a22002293a 4500 | ||
|---|---|---|---|
| 001 | 10088 | ||
| 003 | PGUSA | ||
| 005 | 20140828083219.0 | ||
| 008 | 031101s2003||||xxu|||||s|||||000 | eng d | ||
| 040 |
_aPGUSA _beng |
||
| 042 | _adc | ||
| 050 | 4 | _aBF | |
| 100 | 1 | _aOxonian | |
| 245 | 1 | 0 |
_aThaumaturgia : _bOr, Elucidations of the Marvellous _h[electronic resource] / _cOxonian |
| 260 |
_bProject Gutenberg, _c2003 |
||
| 506 | _aPublic domain in the USA. | ||
| 516 | _aElectronic text | ||
| 653 | _aOccultism | ||
| 830 | 0 |
_aProject Gutenberg _v10088 |
|
| 856 | 4 | 0 | _uhttp://www.gutenberg.org/ebooks/10088 |
| 942 | _cEB | ||
| 999 |
_c239343 _d239343 |
||